Ephesians-Colossians: (Record no. 5819)

000 -LEADER
fixed length control field 00668nam a2200193 a 4500
001 - CONTROL NUMBER
control field :::00003561$&:&@@
003 - CONTROL NUMBER IDENTIFIER
control field OkBaRHE
005 - DATE AND TIME OF LATEST TRANSACTION
control field 20000607103307.0
008 - FIXED-LENGTH DATA ELEMENTS--GENERAL INFORMATION
fixed length control field s1946 j 000 0 eng u
040 ## - CATALOGING SOURCE
Transcribing agency
100 1# - MAIN ENTRY--PERSONAL NAME
Personal name Frost, Bede, 1877-
245 10 - TITLE STATEMENT
Title Ephesians-Colossians:
Remainder of title a dogmatic and devotional commentary.
260 ## - PUBLICATION, DISTRIBUTION, ETC. (IMPRINT)
Place of publication, distribution, etc London, UK:EN., :
Name of publisher, distributor, etc A. R. Mowbray & Co. Limited
Date of publication, distribution, etc 1946
300 ## - PHYSICAL DESCRIPTION
Extent 164 p. ;
Dimensions 19 cm.
650 ## - SUBJECT ADDED ENTRY--TOPICAL TERM
Topical term or geographic name as entry element Bible New Testament Colossians
General subdivision Commentaries
650 ## - SUBJECT ADDED ENTRY--TOPICAL TERM
Topical term or geographic name as entry element Bible New Testament Ephesians
General subdivision Commentaries
942 ## - ADDED ENTRY ELEMENTS (KOHA)
Source of classification or shelving scheme
Koha item type Books
Copies
Barcode Damaged status Shelving location Source of classification or shelving scheme Copy number Price effective from Lost status Full call number Withdrawn status Koha item type Not for loan Date acquired Permanent Location Date last seen
3561 General Stacks 12010-04-14 BS 2695 .F696 Books 2010-04-14RHEMA Bible Training College2018-04-03